000
00284nam a2200121Ia 4500
008
190216s9999||||xx |||||||||||||| ||und||
100
_a
Charles E Skinner
245
0
_a
Educational Physiology
260
_b
Prentice Hall India
_c
1974
300
_a
755p
650
_a
Botany
942
_c
BK
999
_c
1244
_d
1244